À quel massif montagneux appartient ce sommet ? - Statistiques

Statistiques générales
  • Ce quiz a été pris 52 fois
  • Le résultat moyen est 11 sur 20
Statistiques - réponses
Hint Réponse % Correct
Mont Blanc Alpes
91%
Pic du Midi de Bigorre Pyrénées
87%
Plomb du Cantal Massif Central
84%
Monte Cinto Massif Corse
82%
Puy de Sancy Massif Central
78%
Grand Ballon Vosges
73%
La Meije Alpes
64%
Grande Casse Alpes
62%
Canigó Pyrénées
62%
Mont Thabor Alpes
60%
Hohneck Vosges
56%
Crêt de la Neige Jura
53%
Vignemale Pyrénées
47%
Reculet Jura
44%
Mont d'Or Jura
42%
Mont Dore Massif Central
42%
Pic de l'Infern Pyrénées
42%
Balaïtous Pyrénées
33%
Le Donon Vosges
29%
Mont Bégo Alpes
16%
Aucun quiz correspondant
Distribution des résultats
% des personnes avec chaque résultat
Percentile par nombre de réponses
Votre historique - résultats
Vous n’avez pas pris ce quiz